| 000 | 01077nam a2200205Ia 4500 | ||
|---|---|---|---|
| 999 |
_c35288 _d35288 |
||
| 001 | 1138 | ||
| 003 | GE_BSU | ||
| 005 | 20220920100439.0 | ||
| 008 | 181216s2010||||ge |||||||||||||| ||geo|| | ||
| 040 | _cGE_BSU | ||
| 041 | _ageo | ||
| 080 | _a632 თ–97 | ||
| 100 |
_aგოლიაძე, ვ. _92534 |
||
| 245 |
_aთხილის ბაღში ამონაყარებისა და სარეველების კონტროლი : _bსამახსოვრო ფერმერთათვის. _cვ. გოლიაძე, ჯაყელი, ე.; ჩაის,სუბტროპიკული კლტურების და ჩაის მრეწველობის ინ–ტი. |
||
| 264 |
_aოზურგეთი : _bმერიდიანი, _c2010. |
||
| 300 |
_a16 გვ.; _b20 სმ. |
||
| 653 | _aთხილის ბაღში ამონაყარებისა და სარეველების რონტროლი | ||
| 700 |
_aჯაყელი, ე. _92535 |
||
| 942 |
_cBK _2udc |
||